The relation of vocational agriculture courses and farm enterprises in Cherokee county, Texas.

Bibliographic Details
Main Author: Taylor, Lewis B.
Format: Thesis Book
Language:English
Published: [College Station, Texas], [publisher not identified] ; 1941.
Subjects:

MARC

Tag First Indicator Second Indicator Subfields
LEADER 00000cam a22000005 4500
001 in00000142713
005 20151005050234.0
008 800119s1941 txuab b 00000 eng d
035 |a (OCoLC)05887571 
035 |9 AAR3241AM 
040 |a TXA  |c TXA  |d UtOrBLW 
049 |a [Archives] TXAZ  |c [97456] 
099 |a 1941  |a Thesis  |a T243 
100 1 |a Taylor, Lewis B. 
245 1 4 |a The relation of vocational agriculture courses and farm enterprises in Cherokee county, Texas. 
264 1 |a [College Station, Texas],  |b [publisher not identified] ;  |c 1941. 
300 |a 32 :  |b tables, map. 
336 |a text  |b txt  |2 rdacontent 
337 |a unmediated  |b n  |2 rdamedia 
338 |a volume  |b nc  |2 rdacarrier 
502 |b M.S. in Agricultural education  |c A. & M. College of Texas. 
504 |a Bibliography: . 28. 
650 4 |a Major agricultural education. 
999 |a MARS 
999 f f |s 681a60d0-8262-39ac-a973-8d527f80c8e1  |i c015f9cb-70fc-3f42-8736-e88b46bcd2ca  |t 0 
952 f f |p noncirc  |a Texas A&M University  |b J.J. Pickle Campus  |c High Density Repository  |d Remote Storage  |t 0  |e 1941 Thesis T243  |h Other scheme  |i unmediated -- volume  |m A14840869572 
998 f f |a 1941 Thesis T243  |t 0  |l Remote Storage